000 00506nam a2200145Ia 4500
003 OSt
005 20260121142135.0
008 211028s2015 xx 000 0 und d
040 _cAIMIT LIBRARY
041 _aeng
100 _aC, Abhishek; Wright, Rowena.
_g1316004
_97278
245 _aStudy on the effectiveness of the labour welfare facilities provided to the employee sof Karnataka State Road Transport Corporation Mangalore division /
260 _aMangalore
_bRowena Wright
_c2015
942 _2ddc
_cPRO
999 _c218848
_d218848